000 005420000a22001570004500
005 20240212223254.0
008 230817t1982 ||||| |||| 00| 0 eng d
082 _a323.095
_bREL
245 _aReligion and culture in the development of Human Rights in Sri Lanka
260 _aColombo :
_bSri Lanka Foundation Institute,
_c1982
300 _axii, 163 p., [5] leaves of plates : ill. ; 23 cm.
490 _aSLF Monograph series
_v4
650 _aHUMAN RIGHTS-Sri Lanka
650 _aHuman rights -- Religious aspects -- Congresses
942 _cRP
999 _c2394
_d2394